<?xml version="1.0" encoding="UTF-8"?>
<record
    xmlns:xsi="http://www.w3.org/2001/XMLSchema-instance"
    xsi:schemaLocation="http://www.loc.gov/MARC21/slim http://www.loc.gov/standards/marcxml/schema/MARC21slim.xsd"
    xmlns="http://www.loc.gov/MARC21/slim">

  <leader>00729nam a2200193 i 4500</leader>
  <controlfield tag="001">81520</controlfield>
  <controlfield tag="003">ES-MaACL</controlfield>
  <controlfield tag="005">20251009063053.0</controlfield>
  <controlfield tag="007">t|</controlfield>
  <controlfield tag="008">041104s1935    sp           ||||1| cat d</controlfield>
  <datafield tag="100" ind1="1" ind2=" ">
    <subfield code="a">Hurtado, Amadeu, </subfield>
    <subfield code="d">1875-1950</subfield>
    <subfield code="9">64777</subfield>
  </datafield>
  <datafield tag="245" ind1="1" ind2="3">
    <subfield code="a">El pensamiento juridic catal&#xE1; </subfield>
    <subfield code="b">: discurs pronuntiat en la sessi&#xF3; inaugural del curs de 1935-1936 / </subfield>
    <subfield code="c">Amadeo Hurtado y Mir&#xF3;.</subfield>
  </datafield>
  <datafield tag="260" ind1=" " ind2=" ">
    <subfield code="a">Barcelona : </subfield>
    <subfield code="b">[s.n.], </subfield>
    <subfield code="c">1935 (</subfield>
    <subfield code="f">G. Casacuberta)</subfield>
  </datafield>
  <datafield tag="300" ind1=" " ind2=" ">
    <subfield code="a">99 p. ; </subfield>
    <subfield code="c">21 cm.</subfield>
  </datafield>
  <datafield tag="500" ind1=" " ind2=" ">
    <subfield code="a">Precede al t&#xED;t.: Academia de Jurisprudencia y Legislaci&#xF3; de Catalunya.</subfield>
  </datafield>
  <datafield tag="710" ind1="2" ind2=" ">
    <subfield code="a">Acad&#xE8;mia de Jurisprud&#xE8;ncia i Legislaci&#xF3; de Catalunya.</subfield>
    <subfield code="9">163698</subfield>
  </datafield>
  <datafield tag="852" ind1=" " ind2=" ">
    <subfield code="a">ES-MaACL</subfield>
    <subfield code="j">1803-F-19</subfield>
  </datafield>
  <datafield tag="999" ind1=" " ind2=" ">
    <subfield code="c">81520</subfield>
    <subfield code="d">81520</subfield>
  </datafield>
  <datafield tag="952" ind1=" " ind2=" ">
    <subfield code="0">0</subfield>
    <subfield code="1">0</subfield>
    <subfield code="4">0</subfield>
    <subfield code="7">0</subfield>
    <subfield code="8">Colecci&#xF3;n_de_folletos</subfield>
    <subfield code="a">ATENEOM</subfield>
    <subfield code="b">ATENEOM</subfield>
    <subfield code="c">DEPOF</subfield>
    <subfield code="d">2008-01-17</subfield>
    <subfield code="e">SC</subfield>
    <subfield code="l">0</subfield>
    <subfield code="o">1803-F-19</subfield>
    <subfield code="p">1085213</subfield>
    <subfield code="r">2023-02-23 00:00:00</subfield>
    <subfield code="w">2023-02-23</subfield>
    <subfield code="y">FOLLETOS</subfield>
  </datafield>
</record>
